Normal view
MARC view
- Pinsent Masons
Entry Corporate Name
001 - CONTROL NUMBER
- control field: 5118
003 - CONTROL NUMBER IDENTIFIER
- control field: SIRSI
005 - DATE AND TIME OF LATEST TRANSACTION
- control field: 20190806150240.0
008 - FIXED-LENGTH DATA ELEMENTS
- fixed length control field: 070212n| aaannaabn |n ana d
040 ## - CATALOGING SOURCE
- Original cataloging agency: OSt
- Transcribing agency: OSt
110 ## - HEADING--CORPORATE NAME
- Corporate name or jurisdiction name as entry element: Pinsent Masons
670 ## - SOURCE DATA FOUND
- Source citation: Threat of litigation gives construction firms major headache, 2006